[Event "Uxbridge Int Alekhine"]
[Site "Denham Grove"]
[Date "2010.02.17"]
[Round "8"]
[White "Byron, Alan M"]
[Black "Tissir, Mohamed"]
[Result "0-1"]
[WhiteElo "2196"]
[BlackElo "2483"]
[PlyCount "100"]
[EventDate "2010.02.13"]
[EventType "tourn"]
[EventRounds "9"]
[EventCountry "ENG"]
[EventCategory "2"]

1. e4 c5 2. Nf3 d6 3. d4 cxd4 4. Nxd4 Nf6 5. Nc3 a6 6. a4 g6 7. Be2 Bg7 8. Be3
O-O 9. O-O Nc6 10. f3 Bd7 11. Qd2 Ne5 12. Nd5 Rc8 13. b3 e6 14. Nb6 Qxb6 15.
Nxe6 Qc6 16. Nxf8 Bxf8 17. c4 Qc7 18. Kh1 Bc6 19. Rac1 a5 20. Bd4 Re8 21. Bd3
Bg7 22. Bc2 Ned7 23. Bc3 b6 24. Rcd1 Re6 25. b4 axb4 26. Bxb4 Bf8 27. a5 bxa5
28. Bxa5 Qa7 29. Bb4 Nc5 30. Ra1 Qe7 31. Ra5 Nfd7 32. Ra7 Qe8 33. Rd1 Qb8 34.
Raa1 Ne5 35. Bxc5 dxc5 36. Qd8 Qb2 37. Ba4 Bxa4 38. Rxa4 Nc6 39. Qc8 Rd6 40.
Rg1 Qf6 41. Ra8 Rd8 42. Qa6 Rxa8 43. Qxa8 Kg7 44. Rd1 Nd4 45. Qa3 h5 46. Qd3 h4
47. Rf1 Qf4 48. e5 Qxe5 49. f4 Qe6 50. Rf3 Nxf3 0-1

[Event "Uxbridge Int Alekhine"]
[Site "Denham Grove"]
[Date "2010.02.17"]
[Round "9"]
[White "Gormally, Daniel W"]
[Black "Brown, Martin"]
[Result "1-0"]
[WhiteElo "2479"]
[BlackElo "2071"]
[PlyCount "59"]
[EventDate "2010.02.13"]
[EventType "tourn"]
[EventRounds "9"]
[EventCountry "ENG"]
[EventCategory "2"]

1. d4 d5 2. c4 e6 3. Nc3 Nf6 4. cxd5 exd5 5. Bg5 Be7 6. e3 O-O 7. Bd3 Nbd7 8.
Nge2 c6 9. Qc2 Re8 10. O-O h6 11. Bh4 Ne4 12. Bxe7 Qxe7 13. Rae1 Ndf6 14. f3
Nxc3 15. Nxc3 c5 16. e4 cxd4 17. Nxd5 Nxd5 18. exd5 Qxe1 19. Rxe1 Rxe1+ 20. Kf2
Re8 21. Qc7 g6 22. g4 Kg7 23. Bc4 Kg8 24. Kg3 a6 25. a4 Rf8 26. a5 Re8 27. b3
Rf8 28. h4 Re8 29. Kf4 Kf8 30. d6 1-0

[Event "Uxbridge Int Alekhine"]
[Site "Denham Grove"]
[Date "2010.02.17"]
[Round "9"]
[White "Poobalasingam, Peter S"]
[Black "Tiruchirapalli, Venkataram"]
[Result "0-1"]
[WhiteElo "2341"]
[BlackElo "2302"]
[PlyCount "118"]
[EventDate "2010.02.13"]
[EventType "tourn"]
[EventRounds "9"]
[EventCountry "ENG"]
[EventCategory "2"]

1. c4 Nf6 2. Nc3 d5 3. cxd5 Nxd5 4. e4 Nxc3 5. bxc3 c5 6. Nf3 g6 7. d4 Bg7 8.
Rb1 O-O 9. Be2 b6 10. O-O Bb7 11. Qd3 Nd7 12. Bg5 Rc8 13. d5 c4 14. Qc2 f5 15.
Rfd1 Nf6 16. Bxf6 Rxf6 17. Ng5 Qc7 18. Rb4 Qf4 19. Nh3 Qxe4 20. Qxe4 fxe4 21.
Rxc4 Rf5 22. Rxe4 Rxd5 23. Rxe7 Rxd1+ 24. Bxd1 Bd5 25. Nf4 Bxa2 26. Rxa7 Bf7
27. Ne2 Rd8 28. Bc2 Bc4 29. Nd4 b5 30. h4 Bxd4 31. cxd4 Rxd4 32. h5 Rd2 33. Be4
Re2 34. f3 gxh5 35. Rb7 h4 36. Kh2 h6 37. Kh3 Kf8 38. Rb6 Ke7 39. Bc6 Kd8 40.
Bxb5 Rb2 41. Kxh4 Bxb5 42. g4 Rb3 43. Kg3 Ke7 44. Rxh6 Be2 45. Rh7+ Kf6 46. Rh2
Rxf3+ 47. Kh4 Bf1 48. Kh5 Bb5 49. Kh6 Be8 50. Rh1 Bg6 51. Rh2 Kf7 52. g5 Bf5
53. Rh1 Ra3 54. g6+ Kf6 55. g7 Rg3 56. Rh5 Rg6+ 57. Kh7 Rxg7+ 58. Kh8 Ra7 59.
Rh6+ Bg6 0-1

[Event "Uxbridge Int Alekhine"]
[Site "Denham Grove"]
[Date "2010.02.17"]
[Round "9"]
[White "Shoker, Samy"]
[Black "Rudd, Jack"]
[Result "1-0"]
[WhiteElo "2485"]
[BlackElo "2286"]
[PlyCount "73"]
[EventDate "2010.02.13"]
[EventType "tourn"]
[EventRounds "9"]
[EventCountry "ENG"]
[EventCategory "2"]

1. g3 d5 2. Bg2 Nf6 3. d3 c5 4. Nf3 Nc6 5. O-O Bf5 6. Nc3 e6 7. h3 h6 8. Nd2
Bh7 9. e4 Be7 10. f4 O-O 11. g4 Rb8 12. h4 dxe4 13. dxe4 h5 14. gxh5 Nd4 15. a4
a6 16. a5 Nb5 17. Nxb5 axb5 18. e5 Nd5 19. Ne4 c4 20. Kh1 Bxh4 21. h6 Bg6 22.
a6 bxa6 23. Rxa6 Rb6 24. Rxb6 Qxb6 25. Qg4 Be7 26. Qg3 gxh6 27. f5 exf5 28.
Rxf5 Qd4 29. Bxh6 Ra8 30. e6 Ra1+ 31. Kh2 Kh7 32. Rxd5 Qg1+ 33. Kh3 Kxh6 34.
exf7 Re1 35. f8=Q+ Bxf8 36. Qg5+ Kh7 37. Rd7+ 1-0

[Event "Uxbridge Int Alekhine"]
[Site "Denham Grove"]
[Date "2010.02.17"]
[Round "9"]
[White "Tissir, Mohamed"]
[Black "Seyfried, Claus"]
[Result "1-0"]
[WhiteElo "2483"]
[BlackElo "2067"]
[PlyCount "83"]
[EventDate "2010.02.13"]
[EventType "tourn"]
[EventRounds "9"]
[EventCountry "ENG"]
[EventCategory "2"]

1. e4 e5 2. Nf3 Nc6 3. Bc4 Nf6 4. d3 Be7 5. O-O d6 6. c3 Bg4 7. Nbd2 Qd7 8. Re1
Na5 9. d4 Nxc4 10. Nxc4 Qb5 11. Qd3 O-O 12. Ncxe5 Qxd3 13. Nxd3 Bxf3 14. gxf3
Nh5 15. f4 f5 16. e5 d5 17. Be3 Bh4 18. Rac1 c6 19. b3 Rad8 20. c4 g5 21. c5
Rd7 22. fxg5 f4 23. Bd2 Rg7 24. Kh1 Rxg5 25. Rg1 Rff5 26. h3 Ng7 27. Bxf4 Rxg1+
28. Kxg1 Bg5 29. Bxg5 Rxg5+ 30. Kh2 Kf7 31. Nf4 Nf5 32. Rd1 b6 33. b4 bxc5 34.
bxc5 Rg8 35. Rd3 Rb8 36. Ra3 Rb7 37. Ra4 a5 38. Kg2 Rb2 39. Rxa5 Nxd4 40. Ra7+
Kg8 41. e6 Rb1 42. Ra8+ 1-0

[Event "Uxbridge Int Fischer"]
[Site "Denham Grove"]
[Date "2010.02.13"]
[Round "1"]
[White "O'Gorman, Brendan"]
[Black "Ducatez, Raphael"]
[Result "0-1"]
[WhiteElo "1862"]
[BlackElo "1894"]
[PlyCount "72"]
[EventDate "2010.02.13"]
[EventType "tourn"]
[EventRounds "9"]
[EventCountry "ENG"]

1. Nf3 d6 2. d4 Nf6 3. c4 g6 4. Nc3 Bg7 5. e4 O-O 6. h3 Nc6 7. d5 Nb8 8. Be3 e5
9. Be2 Ne8 10. g4 f5 11. gxf5 gxf5 12. Bg5 Bf6 13. Rg1 Kh8 14. Qd2 Nd7 15.
O-O-O Nc5 16. Bh6 Rg8 17. Rxg8+ Kxg8 18. Rg1+ Kh8 19. Ng5 Qe7 20. Bh5 Ng7 21.
Nf7+ Kg8 22. Bxg7 Bxg7 23. Rxg7+ Kxg7 24. Qh6+ Kg8 25. Ng5 Qg7 26. Bf7+ Kf8 27.
Qh5 h6 28. Ne6+ Bxe6 29. dxe6 fxe4 30. Bg6 c6 31. b4 Nxe6 32. Nxe4 Nf4 33. Qf5+
Ke7 34. Bh5 Rf8 35. Qg4 Qxg4 36. Bxg4 Nd3+ 0-1

[Event "Uxbridge Int Fischer"]
[Site "Denham Grove"]
[Date "2010.02.13"]
[Round "1"]
[White "Yurenok, Maria S"]
[Black "McIntyre, Paul"]
[Result "0-1"]
[WhiteElo "1974"]
[BlackElo "2100"]
[PlyCount "58"]
[EventDate "2010.02.13"]
[EventType "tourn"]
[EventRounds "9"]
[EventCountry "ENG"]

1. d4 Nf6 2. c4 c5 3. d5 b5 4. a4 bxc4 5. Nc3 d6 6. e4 Ba6 7. f4 g6 8. Nf3 Bg7
9. Be2 O-O 10. O-O Nbd7 11. Qe1 e6 12. dxe6 fxe6 13. Ng5 Qe7 14. Qh4 h6 15. Nf3
Rae8 16. e5 Nd5 17. Qg3 dxe5 18. fxe5 Nxc3 19. bxc3 Kh7 20. Bd1 Nxe5 21. Nxe5
Rxf1+ 22. Kxf1 Qf6+ 23. Bf4 Rf8 24. Kg1 Qxf4 25. Qxg6+ Kh8 26. Nf3 Qe3+ 27. Kh1
Qe1+ 28. Ng1 Rf1 29. Qe8+ Bf8 0-1

[Event "Uxbridge Int Fischer"]
[Site "Denham Grove"]
[Date "2010.02.14"]
[Round "2"]
[White "Ducatez, Raphael"]
[Black "Josse, Mark"]
[Result "0-1"]
[WhiteElo "1894"]
[BlackElo "2064"]
[PlyCount "80"]
[EventDate "2010.02.13"]
[EventType "tourn"]
[EventRounds "9"]
[EventCountry "ENG"]

1. e4 c5 2. Nc3 Nc6 3. f4 g6 4. Nf3 Bg7 5. Bc4 e6 6. e5 d5 7. exd6 Qxd6 8. d3
Nh6 9. Ne4 Qe7 10. c3 O-O 11. Be3 b6 12. Qe2 Rd8 13. h4 Na5 14. Bb5 Bb7 15. Bf2
Ng4 16. h5 Nxf2 17. Kxf2 a6 18. Ba4 b5 19. Bc2 b4 20. hxg6 hxg6 21. Nfg5 bxc3
22. bxc3 Bxe4 23. Nxe4 e5 24. fxe5 Qxe5 25. Rh3 f5 26. Ng3 Qf4+ 27. Qf3 Qxf3+
28. gxf3 Bxc3 29. Rc1 Bd4+ 30. Kf1 Rab8 31. Ne2 Be3 32. Re1 Rb2 33. Bb1 Rdb8
34. Nc3 Bd2 35. Re6 Bxc3 36. Rxg6+ Kf7 37. Rxa6 Rxb1+ 38. Kg2 Rg8+ 39. Kf2 Bd4+
40. Ke2 Rg2# 0-1

[Event "Uxbridge Int Fischer"]
[Site "Denham Grove"]
[Date "2010.02.14"]
[Round "2"]
[White "Lewis, Andrew M"]
[Black "Yurenok, Maria S"]
[Result "1-0"]
[WhiteElo "2066"]
[BlackElo "1974"]
[PlyCount "41"]
[EventDate "2010.02.13"]
[EventType "tourn"]
[EventRounds "9"]
[EventCountry "ENG"]

1. e4 c5 2. c3 d5 3. exd5 Qxd5 4. d4 Nf6 5. Nf3 Bg4 6. Nbd2 cxd4 7. Bc4 Qh5 8.
cxd4 Nbd7 9. Qb3 Rb8 10. h3 e6 11. O-O Bxf3 12. Nxf3 b5 13. Bxe6 fxe6 14. Ng5
Be7 15. Re1 Rb6 16. Nxe6 Qf7 17. Bd2 b4 18. Rac1 Rb8 19. Bxb4 Ng8 20. Qc4 h5
21. Qc8+ 1-0

[Event "Uxbridge Int Fischer"]
[Site "Denham Grove"]
[Date "2010.02.14"]
[Round "2"]
[White "McIntyre, Paul"]
[Black "Bailey, Kevin J"]
[Result "1-0"]
[WhiteElo "2100"]
[BlackElo "2103"]
[PlyCount "61"]
[EventDate "2010.02.13"]
[EventType "tourn"]
[EventRounds "9"]
[EventCountry "ENG"]

1. e4 e6 2. d4 d5 3. Nc3 Bb4 4. e5 c5 5. Bd2 Nh6 6. Nb5 Bxd2+ 7. Qxd2 O-O 8. f4
cxd4 9. Nf3 Nc6 10. Bd3 f6 11. O-O Qb6 12. Kh1 Kh8 13. Qe2 Bd7 14. Nd6 Nf7 15.
Nxf7+ Rxf7 16. Nh4 f5 17. Qh5 Kg8 18. g4 g6 19. Qh6 Ne7 20. Rg1 Raf8 21. gxf5
Nxf5 22. Bxf5 exf5 23. Nxg6 hxg6 24. Rxg6+ Qxg6 25. Qxg6+ Rg7 26. Qd6 Bc6 27.
Rg1 Rff7 28. e6 Rxg1+ 29. Kxg1 Rf8 30. e7 Re8 31. Qg6+ 1-0

[Event "Uxbridge Int Fischer"]
[Site "Denham Grove"]
[Date "2010.02.14"]
[Round "2"]
[White "Millward, Kevin Philip"]
[Black "O'Gorman, Brendan"]
[Result "1-0"]
[WhiteElo "1970"]
[BlackElo "1862"]
[PlyCount "62"]
[EventDate "2010.02.13"]
[EventType "tourn"]
[EventRounds "9"]
[EventCountry "ENG"]

1. e4 c5 2. Nc3 e6 3. g3 d5 4. d3 Nf6 5. Bg2 Be7 6. e5 Nfd7 7. f4 Nc6 8. Nf3
O-O 9. O-O a6 10. Qe2 Nd4 11. Qf2 Nxf3+ 12. Bxf3 b5 13. a3 Bb7 14. Nd1 Qc7 15.
c3 Rac8 16. Be3 Rfd8 17. Rc1 a5 18. Bg4 g6 19. h4 c4 20. d4 b4 21. axb4 axb4
22. h5 bxc3 23. hxg6 hxg6 24. bxc3 Bc6 25. f5 exf5 26. Bxf5 Nxe5 27. Bxc8 Rxc8
28. dxe5 Be8 29. Bd4 Bc5 30. Bxc5 Qxc5 31. Qxc5 Rxc5 1-0

[Event "Uxbridge Int Fischer"]
[Site "Denham Grove"]
[Date "2010.02.14"]
[Round "3"]
[White "Bailey, Kevin J"]
[Black "Lewis, Andrew M"]
[Result "1/2-1/2"]
[WhiteElo "2103"]
[BlackElo "2066"]
[PlyCount "28"]
[EventDate "2010.02.13"]
[EventType "tourn"]
[EventRounds "9"]
[EventCountry "ENG"]

1. c4 Nf6 2. Nc3 e5 3. Nf3 Nc6 4. g3 d5 5. cxd5 Nxd5 6. Bg2 Nb6 7. O-O Be7 8.
a3 Be6 9. b4 a6 10. d3 O-O 11. Rb1 f6 12. Ne4 Rb8 13. Bb2 Qd7 14. Re1 Rfd8
1/2-1/2

[Event "Uxbridge Int Fischer"]
[Site "Denham Grove"]
[Date "2010.02.14"]
[Round "3"]
[White "Jaunooby, Ali R"]
[Black "McIntyre, Paul"]
[Result "1-0"]
[WhiteElo "2171"]
[BlackElo "2100"]
[PlyCount "79"]
[EventDate "2010.02.13"]
[EventType "tourn"]
[EventRounds "9"]
[EventCountry "ENG"]

1. d4 Nf6 2. c4 c5 3. e3 g6 4. g3 Bg7 5. Bg2 O-O 6. Nc3 d6 7. Nge2 Nc6 8. h3
Bd7 9. b3 Rb8 10. g4 h6 11. d5 Na5 12. a4 a6 13. Bd2 e6 14. dxe6 Bxe6 15. Ra2
Nc6 16. Nf4 Nb4 17. Ra3 d5 18. Na2 Nxa2 19. Rxa2 dxc4 20. Nxe6 fxe6 21. bxc4
Nd7 22. O-O Ne5 23. Qc2 Nf3+ 24. Bxf3 Rxf3 25. Qxg6 Qh4 26. Bc3 Rg3+ 27. fxg3
Qxg3+ 28. Rg2 Qxe3+ 29. Kh2 Qxc3 30. Qxe6+ Kh8 31. Rf5 Rf8 32. Rxf8+ Bxf8 33.
Rf2 Bg7 34. Qc8+ Kh7 35. Qf5+ Kh8 36. Re2 Bf6 37. Re8+ Kg7 38. Qd7+ Kg6 39.
Rg8+ Bg7 40. Qf5# 1-0

[Event "Uxbridge Int Fischer"]
[Site "Denham Grove"]
[Date "2010.02.14"]
[Round "3"]
[White "Josse, Mark"]
[Black "Millward, Kevin Philip"]
[Result "1-0"]
[WhiteElo "2064"]
[BlackElo "1970"]
[PlyCount "67"]
[EventDate "2010.02.13"]
[EventType "tourn"]
[EventRounds "9"]
[EventCountry "ENG"]

1. Nf3 Nf6 2. d4 d6 3. Nc3 Bg4 4. e4 c6 5. h3 Bh5 6. Be2 Nbd7 7. O-O Qc7 8. a4
h6 9. Be3 g5 10. Nd2 Bg6 11. a5 Bg7 12. Bd3 O-O 13. f4 gxf4 14. Bxf4 Nh5 15.
Be3 Ng3 16. Rf2 e5 17. d5 Bh5 18. Qe1 Qd8 19. Kh2 Qh4 20. Nf3 Qf6 21. Kxg3 cxd5
22. Nxd5 Qg6+ 23. Kh2 Kh8 24. Nh4 Qe6 25. Nf5 Rg8 26. Nc7 Qg6 27. Nxa8 Bf6 28.
Nc7 Bh4 29. Nxh4 Qg3+ 30. Kh1 Qxh4 31. Rf5 Rg3 32. Rxh5 Rxh3+ 33. gxh3 Qxh5 34.
Qg3 1-0

[Event "Uxbridge Int Fischer"]
[Site "Denham Grove"]
[Date "2010.02.14"]
[Round "3"]
[White "Yurenok, Maria S"]
[Black "Ducatez, Raphael"]
[Result "0-1"]
[WhiteElo "1974"]
[BlackElo "1894"]
[PlyCount "64"]
[EventDate "2010.02.13"]
[EventType "tourn"]
[EventRounds "9"]
[EventCountry "ENG"]

1. d4 d6 2. c4 g6 3. Nc3 Bg7 4. e4 Nc6 5. Nge2 e5 6. d5 Nce7 7. Ng3 f5 8. exf5
Bxf5 9. Bd3 Nf6 10. Bxf5 Nxf5 11. Nge4 h6 12. Nxf6+ Qxf6 13. Qa4+ Kf7 14. O-O
Rhf8 15. Bd2 Kg8 16. Rae1 Rf7 17. Ne4 Qh4 18. f3 a6 19. b4 Raf8 20. c5 g5 21.
Nf2 Nd4 22. Re4 Qh5 23. Qd1 Qg6 24. Be3 Nf5 25. Qb1 h5 26. Nd1 Bh6 27. Bf2 g4
28. fxg4 hxg4 29. g3 Nd4 30. Nc3 Nf3+ 31. Kg2 Nd2 32. Qd1 Nxe4 0-1

[Event "Uxbridge Int Fischer"]
[Site "Denham Grove"]
[Date "2010.02.15"]
[Round "4"]
[White "Ducatez, Raphael"]
[Black "Bailey, Kevin J"]
[Result "1/2-1/2"]
[WhiteElo "1894"]
[BlackElo "2103"]
[PlyCount "66"]
[EventDate "2010.02.13"]
[EventType "tourn"]
[EventRounds "9"]
[EventCountry "ENG"]

1. e4 e6 2. d3 d5 3. Nc3 Nf6 4. exd5 exd5 5. g3 c6 6. Bg2 Bd6 7. Nge2 O-O 8.
Bg5 h6 9. Bxf6 Qxf6 10. O-O Bg4 11. f3 Be6 12. Qd2 Nd7 13. Rae1 Rfe8 14. Kh1 b5
15. Ng1 Nb6 16. Re2 Re7 17. Rfe1 Rae8 18. Nd1 b4 19. f4 Bg4 20. Bf3 Bd7 21. b3
Rxe2 22. Nxe2 g5 23. Rf1 Bh3 24. Bg2 Bxg2+ 25. Kxg2 g4 26. Rf2 d4 27. Nb2 Nd5
28. Nc4 Ne3+ 29. Kg1 Nxc4 30. bxc4 Re3 31. Nc1 h5 32. Re2 Rxe2 33. Nxe2 Kf8
1/2-1/2

[Event "Uxbridge Int Fischer"]
[Site "Denham Grove"]
[Date "2010.02.15"]
[Round "4"]
[White "Lewis, Andrew M"]
[Black "Jaunooby, Ali R"]
[Result "1/2-1/2"]
[WhiteElo "2066"]
[BlackElo "2171"]
[PlyCount "123"]
[EventDate "2010.02.13"]
[EventType "tourn"]
[EventRounds "9"]
[EventCountry "ENG"]

1. d4 g6 2. e4 Bg7 3. Nc3 d6 4. Be3 f5 5. f3 Nf6 6. e5 Nfd7 7. f4 c5 8. e6 Nf6
9. d5 Ng4 10. Bb5+ Kf8 11. Qd2 Qa5 12. Be2 Nxe3 13. Qxe3 Na6 14. Bxa6 bxa6 15.
Nge2 Rb8 16. Rb1 Rb4 17. Qd2 Rd4 18. Nxd4 cxd4 19. b4 Qa3 20. Rb3 dxc3 21. Rxa3
cxd2+ 22. Kxd2 Bh6 23. g3 g5 24. fxg5 Bxg5+ 25. Ke2 Kg7 26. Rf3 Kg6 27. Rhf1 a5
28. b5 a6 29. a4 Bb7 30. c4 axb5 31. axb5 Bf6 32. Kd3 a4 33. Rxf5 Bb2 34. Rf8
a3 35. Kc2 Rxf8 36. Rxf8 Bg7 37. Rg8 a2 38. Rxg7+ Kxg7 39. Kb2 Kf6 40. Kxa2 Ke5
41. Kb3 Kd4 42. g4 Ke4 43. Kc3 Bc8 44. b6 Bb7 45. h4 Ba8 46. g5 Kf5 47. Kd4 Bb7
48. h5 Kxg5 49. c5 dxc5+ 50. Ke5 c4 51. d6 exd6+ 52. Kxd6 c3 53. e7 c2 54. e8=Q
c1=Q 55. Qe7+ Kxh5 56. Qxb7 Qf4+ 57. Kc6 Qe4+ 58. Kc7 Qe5+ 59. Kc8 Qe8+ 60. Kc7
Qe5+ 61. Kd8 Qd6+ 62. Kc8 1/2-1/2

[Event "Uxbridge Int Fischer"]
[Site "Denham Grove"]
[Date "2010.02.15"]
[Round "4"]
[White "Millward, Kevin Philip"]
[Black "Yurenok, Maria S"]
[Result "1-0"]
[WhiteElo "1970"]
[BlackElo "1974"]
[PlyCount "59"]
[EventDate "2010.02.13"]
[EventType "tourn"]
[EventRounds "9"]
[EventCountry "ENG"]

1. e4 c5 2. Nc3 Nc6 3. g3 g6 4. Bg2 Bg7 5. d3 d6 6. Be3 e5 7. Qd2 Nge7 8. Bh6
O-O 9. h4 Bxh6 10. Qxh6 f6 11. Nge2 Nd4 12. Qd2 Bg4 13. Ng1 b5 14. f3 Be6 15.
Nd1 b4 16. f4 exf4 17. gxf4 d5 18. h5 dxe4 19. Bxe4 Bd5 20. Nf2 f5 21. Bxd5+
Qxd5 22. c3 Qe6+ 23. Kf1 bxc3 24. bxc3 Ndc6 25. Re1 Qd6 26. Qe3 Rae8 27. Qe6+
Qxe6 28. Rxe6 Kg7 29. Nf3 Rf6 30. h6+ 1-0

[Event "Uxbridge Int Fischer"]
[Site "Denham Grove"]
[Date "2010.02.15"]
[Round "4"]
[White "O'Gorman, Brendan"]
[Black "Josse, Mark"]
[Result "0-1"]
[WhiteElo "1862"]
[BlackElo "2064"]
[PlyCount "48"]
[EventDate "2010.02.13"]
[EventType "tourn"]
[EventRounds "9"]
[EventCountry "ENG"]

1. Nf3 d5 2. d4 Nf6 3. g3 c6 4. Bg2 Bf5 5. O-O e6 6. c4 Be7 7. Nc3 Nbd7 8. Qb3
Qc8 9. Nd2 O-O 10. e4 dxe4 11. Ndxe4 Nxe4 12. Nxe4 e5 13. Be3 Bxe4 14. Bxe4 f5
15. c5+ Kh8 16. Bxf5 Rxf5 17. Qe6 exd4 18. Bxd4 Ne5 19. Qxe7 Nf3+ 20. Kg2 Nxd4
21. Rad1 Rd5 22. Rfe1 Qd7 23. Qh4 Nf3 24. Qa4 Nxe1+ 0-1

[Event "Uxbridge Int Fischer"]
[Site "Denham Grove"]
[Date "2010.02.15"]
[Round "5"]
[White "Bailey, Kevin J"]
[Black "Millward, Kevin Philip"]
[Result "0-1"]
[WhiteElo "2103"]
[BlackElo "1970"]
[PlyCount "96"]
[EventDate "2010.02.13"]
[EventType "tourn"]
[EventRounds "9"]
[EventCountry "ENG"]

1. c4 Nf6 2. g3 d6 3. Bg2 c6 4. Nc3 Bg4 5. Nf3 Nbd7 6. d4 h6 7. b3 Qc7 8. Bb2
Bf5 9. Rc1 g5 10. d5 Bg7 11. Nd4 Bg6 12. dxc6 bxc6 13. Bxc6 Rc8 14. Bg2 O-O 15.
O-O Ne5 16. Qd2 Nh5 17. Nd5 Qd7 18. Nf3 Rcd8 19. Rcd1 Kh8 20. Ne3 Qc8 21. Qc1
f5 22. Nxe5 dxe5 23. Rxd8 Qxd8 24. Rd1 Qc8 25. Qa1 f4 26. Nd5 fxg3 27. fxg3 e6
28. Ne7 Qc5+ 29. Kh1 Qxe7 30. Bxe5 Bxe5 31. Qxe5+ Qf6 32. Qd6 Ng7 33. Rf1 Nf5
34. Qc5 Bh5 35. e4 Be2 36. e5 Qf7 37. Re1 Rd8 38. Kg1 Rd1 39. Rxd1 Bxd1 40.
Qc8+ Kg7 41. c5 Ne3 42. c6 Nxg2 43. Qd8 Ne3 44. Qd7 Bf3 45. Qd4 Nd5 46. b4 Be2
47. Qf2 Qxf2+ 48. Kxf2 Bb5 0-1

[Event "Uxbridge Int Fischer"]
[Site "Denham Grove"]
[Date "2010.02.15"]
[Round "5"]
[White "Jaunooby, Ali R"]
[Black "Ducatez, Raphael"]
[Result "1-0"]
[WhiteElo "2171"]
[BlackElo "1894"]
[PlyCount "75"]
[EventDate "2010.02.13"]
[EventType "tourn"]
[EventRounds "9"]
[EventCountry "ENG"]

1. d4 d6 2. c4 g6 3. Nc3 Bg7 4. g3 Nc6 5. d5 Ne5 6. f4 Nd7 7. e4 Ngf6 8. Bg2
O-O 9. Nge2 e5 10. f5 Nb6 11. Qd3 c6 12. O-O Qc7 13. dxc6 bxc6 14. b3 a5 15.
Ba3 Rd8 16. Rad1 Ne8 17. c5 Ba6 18. cxd6 Qd7 19. Qe3 Nc8 20. Na4 Nexd6 21. Rd2
Qc7 22. Rfd1 Bf8 23. g4 Na7 24. Bc5 Ndb5 25. Bb6 Rxd2 26. Rxd2 Qe7 27. Bxa5 c5
28. Nb6 Re8 29. Rd7 Qh4 30. Nd5 Nc6 31. fxg6 fxg6 32. Qg3 Qg5 33. Bd2 Nbd4 34.
Bxg5 Nxe2+ 35. Kf2 Bg7 36. Qf3 Rf8 37. Rxg7+ Kxg7 38. Bh6+ 1-0

[Event "Uxbridge Int Fischer"]
[Site "Denham Grove"]
[Date "2010.02.15"]
[Round "5"]
[White "McIntyre, Paul"]
[Black "Lewis, Andrew M"]
[Result "1-0"]
[WhiteElo "2100"]
[BlackElo "2066"]
[PlyCount "47"]
[EventDate "2010.02.13"]
[EventType "tourn"]
[EventRounds "9"]
[EventCountry "ENG"]

1. e4 c5 2. Nf3 d6 3. c3 Nf6 4. Be2 Nc6 5. d4 cxd4 6. cxd4 Nxe4 7. d5 Qa5+ 8.
Nc3 Nxc3 9. bxc3 Ne5 10. Nxe5 Qxc3+ 11. Bd2 Qxe5 12. O-O Bd7 13. Be3 e6 14. Bf3
exd5 15. Re1 Be7 16. Bxd5 Bc6 17. Bxc6+ bxc6 18. Bxa7 Qf6 19. Bd4 Qg5 20. Bxg7
Rg8 21. Qxd6 f5 22. Qxc6+ Kf7 23. Bh6 Qh4 24. Qe6+ 1-0

[Event "Uxbridge Int Fischer"]
[Site "Denham Grove"]
[Date "2010.02.16"]
[Round "6"]
[White "Ducatez, Raphael"]
[Black "McIntyre, Paul"]
[Result "1/2-1/2"]
[WhiteElo "1894"]
[BlackElo "2100"]
[PlyCount "106"]
[EventDate "2010.02.13"]
[EventType "tourn"]
[EventRounds "9"]
[EventCountry "ENG"]

1. e4 c5 2. Nc3 Nc6 3. f4 g6 4. Nf3 Bg7 5. Be2 d6 6. O-O Nf6 7. d3 O-O 8. Qe1
Nd4 9. Nxd4 cxd4 10. Nd1 b5 11. Bd2 a5 12. Qh4 e6 13. g4 Nd7 14. Qg3 Bb7 15.
Nf2 Rc8 16. Rac1 b4 17. g5 f5 18. gxf6 Nxf6 19. Nh3 Qe8 20. Ng5 h6 21. Nf3 Nh5
22. Qg4 Kh7 23. Nh4 Bf6 24. Rf2 Rg8 25. Rg2 g5 26. Qxh5 gxh4 27. Qxe8 Rxg2+ 28.
Kxg2 Rxe8 29. Rg1 Rc8 30. Bd1 Rc5 31. Be1 Rb5 32. Kh3 a4 33. b3 axb3 34. axb3
Bc8 35. Bxh4 Bxh4 36. Kxh4 Rc5 37. Rg2 Bd7 38. Bh5 Ra5 39. Bg6+ Kh8 40. Rf2 Kg7
41. f5 Re5 42. fxe6 Bxe6 43. Bf5 Bf7 44. Kg4 d5 45. Kf4 Kf6 46. Rg2 dxe4 47.
Bxe4 Rh5 48. Rf2 Be6 49. Rg2 Rh3 50. Bh7 Rh4+ 51. Kf3 Bd5+ 52. Be4 Rh3+ 53. Kf4
Be6 1/2-1/2

[Event "Uxbridge Int Fischer"]
[Site "Denham Grove"]
[Date "2010.02.16"]
[Round "6"]
[White "Josse, Mark"]
[Black "Yurenok, Maria S"]
[Result "0-1"]
[WhiteElo "2064"]
[BlackElo "1974"]
[PlyCount "92"]
[EventDate "2010.02.13"]
[EventType "tourn"]
[EventRounds "9"]
[EventCountry "ENG"]

1. e4 c5 2. Nf3 e6 3. d3 Nc6 4. g3 g6 5. Bg2 Bg7 6. O-O Nge7 7. c3 e5 8. Be3 d6
9. h3 O-O 10. a3 a5 11. a4 h6 12. Qd2 Kh7 13. d4 exd4 14. cxd4 d5 15. exd5 Nxd5
16. dxc5 Nxe3 17. Qxe3 Bxb2 18. Ra2 Bg7 19. Rd2 Qe8 20. Re1 Qxe3 21. Rxe3 Be6
22. Na3 Rad8 23. Nb5 Rxd2 24. Nxd2 Rd8 25. Nd6 Rd7 26. Nb3 Bf8 27. Bxc6 bxc6
28. Nxa5 Bxd6 29. cxd6 Rxd6 30. g4 Rd1+ 31. Kh2 Bd5 32. f3 Rc1 33. Rd3 Be6 34.
Kg3 c5 35. Rd6 c4 36. Kh2 c3 37. Rc6 Bd5 38. Rc7 Kg7 39. Nb7 Bxf3 40. Nd6 Bd5
41. Ne8+ Kf8 42. Nf6 Bb3 43. a5 c2 44. a6 Ra1 45. Nd7+ Kg7 46. Ne5 c1=Q 0-1

[Event "Uxbridge Int Fischer"]
[Site "Denham Grove"]
[Date "2010.02.16"]
[Round "6"]
[White "Millward, Kevin Philip"]
[Black "Jaunooby, Ali R"]
[Result "0-1"]
[WhiteElo "1970"]
[BlackElo "2171"]
[PlyCount "72"]
[EventDate "2010.02.13"]
[EventType "tourn"]
[EventRounds "9"]
[EventCountry "ENG"]

1. e4 g6 2. d4 Bg7 3. Nf3 d6 4. c3 Nf6 5. Bd3 c5 6. Nbd2 O-O 7. b3 Nh5 8. O-O
a5 9. Bb2 a4 10. bxa4 Nc6 11. d5 Nb4 12. Bb5 Nf4 13. Rb1 Nbd3 14. Ba1 f5 15.
Qc2 c4 16. Bxc4 Nc5 17. Bb5 fxe4 18. Nxe4 Nh3+ 19. Kh1 Nxe4 20. Qxe4 Bf5 21.
Qe2 Nf4 22. Qd2 Bxb1 23. Rxb1 Qc8 24. Nd4 Qg4 25. f3 Qh5 26. Bd7 Qxd5 27. Rb5
Qc4 28. Kg1 Rxa4 29. g3 Rxa2 30. Bb2 Bxd4+ 31. cxd4 Ne2+ 32. Kh1 Nc3 33. Qe1
Qd3 34. Be6+ Kh8 35. Bg4 Nxb5 36. Ba1 Qa3 0-1

[Event "Uxbridge Int Fischer"]
[Site "Denham Grove"]
[Date "2010.02.16"]
[Round "6"]
[White "O'Gorman, Brendan"]
[Black "Bailey, Kevin J"]
[Result "0-1"]
[WhiteElo "1862"]
[BlackElo "2103"]
[PlyCount "50"]
[EventDate "2010.02.13"]
[EventType "tourn"]
[EventRounds "9"]
[EventCountry "ENG"]

1. Nf3 f5 2. d3 Nc6 3. e4 e5 4. Nc3 Nf6 5. g3 Bb4 6. Bd2 d6 7. exf5 Bxf5 8. Bg2
O-O 9. O-O Bg4 10. h3 Bh5 11. g4 Nxg4 12. hxg4 Bxg4 13. Bg5 Qe8 14. Nd5 Qh5 15.
Nxb4 Nd4 16. Nxd4 Bxd1 17. Raxd1 exd4 18. Bd2 c6 19. c3 Rf6 20. Nc2 Rg6 21.
cxd4 Re8 22. Rfe1 Rf8 23. Ne3 Qf3 24. Rf1 Rf5 25. d5 Rfg5 0-1